Hong Kong 1981 Census living quarters, households and population by type of living quarter and tertiary planning unit

Guardado en:
Detalles Bibliográficos
Formato: Libro
Lenguaje:inglés
Publicado: Hong Kong Census and Statistics Department 1981
Etiquetas: Agregar Etiqueta
Sin Etiquetas, Sea el primero en etiquetar este registro!

MARC

LEADER 00000nam a2200000 4500
001 c127117
005 20221220103525.2
041 0 |a eng 
044 |a GB 
245 1 0 |a Hong Kong 1981 Census  |b living quarters, households and population by type of living quarter and tertiary planning unit 
264 1 |a Hong Kong  |b Census and Statistics Department  |c 1981 
300 |a 45 s.